| 000 | 00674nam a22002177a 4500 | ||
|---|---|---|---|
| 999 |
_c173996 _d173996 |
||
| 005 | 20200313151455.0 | ||
| 010 | _aENG-128030 | ||
| 020 |
_a9789332549760 _c649.00 |
||
| 035 | _aEN-111562 | ||
| 037 | _bDBAD/PUB | ||
| 082 | _a628 | ||
| 100 | _aMasters,Gilbert | ||
| 245 |
_aIntroduction to Environmental Engineering and Science/ _cby Gilbert M.Masters [and] Wendell P.Ela |
||
| 250 | _a3rd. | ||
| 260 |
_aNoida _bPearson _c2020 |
||
| 270 |
_a15th floor,Tower-B,World Trade Tower,plot no.1,Block-c,sector 16 _bNoida _e201301 |
||
| 300 |
_a692p. _c24cm(pbk) |
||
| 500 | _aincludes index | ||
| 700 | _aEla,Wendell | ||
| 942 |
_2ddc _cEN _h628 _mMAS _e3rd. |
||